[Event "Dhaka Al Mahmud Memorial"]
[Site "Dhaka"]
[Date "2022.02.05"]
[Round "1"]
[White "Nayem, Haque"]
[Black "Bappi, Ab"]
[Result "1-0"]
[WhiteElo "2150"]
[BlackElo "1739"]
[PlyCount "50"]
[EventDate "2022.02.05"]
[EventType "swiss"]
[EventRounds "9"]
[EventCountry "BAN"]
[SourceTitle "EXT 2023"]
[Source "ChessBase"]
[SourceDate "2022.10.05"]
[SourceVersion "1"]
[SourceVersionDate "2022.10.05"]
[SourceQuality "1"]

1. e4 d6 2. Nf3 g6 3. d4 Bg7 4. c4 Nc6 5. Nc3 Bg4 6. Be3 Nf6 7. Be2 0-0 8. 0-0 a5 9. d5 Nb4 10. h3 Bxf3 11. Bxf3 Nd7 12. Be2 c5 13. Qd2 Re8 14. a3 Na6 15. f4 Nc7 16. Rad1 Rf8 17. Kh1 Ne8 18. Qc2 Ra6 19. Bd2 Nc7 20. Nb5 Ra8 21. Nc3 Ne8 22. Be3 Qc7 23. Rde1 Ra6 24. Qd3 Ra8 25. Rd1 Rd8 1-0

[Event "BAN-ch 46th"]
[Site "Dhaka"]
[Date "2022.01.03"]
[Round "7"]
[White "Subrota, Biswas"]
[Black "Nayem, Haque"]
[Result "1/2-1/2"]
[WhiteElo "2199"]
[BlackElo "2091"]
[PlyCount "141"]
[EventDate "2021.12.27"]
[EventType "tourn"]
[EventRounds "13"]
[EventCountry "BAN"]
[EventCategory "1"]
[SourceTitle "EXT 2023"]
[Source "ChessBase"]
[SourceDate "2022.10.05"]
[SourceVersion "1"]
[SourceVersionDate "2022.10.05"]
[SourceQuality "1"]

1. a3 d5 2. Nf3 Nf6 3. e3 e6 4. d4 Be7 5. Nbd2 0-0 6. c4 b6 7. cxd5 exd5 8. Bd3 Bb7 9. Qc2 Nbd7 10. Ne5 c5 11. f4 cxd4 12. exd4 Rc8 13. Qa4 Nxe5 14. fxe5 Ne4 15. Nf3 Bc6 16. Qd1 Qd7 17. Qe2 f5 18. exf6 Bxf6 19. 0-0 Rce8 20. Qc2 Ba4 21. b3 Bb5 22. Bb2 Rc8 23. Qe2 Bxd3 24. Qxd3 Qc7 25. Rac1 Qf4 26. Rce1 Qc7 27. Re2 Rfd8 28. g3 a5 29. Rc1 Qb7 30. Rec2 Rxc2 31. Qxc2 Bg5 32. Qc7 Qxc7 33. Rxc7 Be3+ 34. Kf1 Bh6 35. Bc1 Bxc1 36. Rxc1 h6 37. Ke2 Re8 38. Ne5 Rf8 39. Ke3 Rf2 40. Rc8+ Kh7 41. Rd8 Rb2 42. Rxd5 Nc3 43. Rd8 Rxb3 44. Kf4 Ne2+ 45. Ke4 Rxa3 46. d5 Ra4+ 47. Kd3 Nc1+ 48. Kc2 Re4 49. Nd7 Rc4+ 50. Kd2 Nb3+ 51. Kd3 b5 52. Rb8 Nc5+ 53. Nxc5 Rxc5 54. Kd4 Rc4+ 55. Ke5 Rc2 56. d6 Re2+ 57. Kf5 Rd2 58. Ke6 Re2+ 59. Kf7 Rf2+ 60. Ke7 Re2+ 61. Kd8 a4 62. d7 b4 63. Rxb4 a3 64. Rd4 a2 65. Rd1 Rd2 66. Rxd2 a1Q 67. Rd6 Qa5+ 68. Ke7 Qg5+ 69. Kf7 Qf5+ 70. Ke7 Qg5+ 71. Kf7 1/2-1/2

[Event "BAN-chB 46th"]
[Site "Dhaka"]
[Date "2021.12.17"]
[Round "3"]
[White "Subrota, Biswas"]
[Black "Nayem, Haque"]
[Result "1/2-1/2"]
[WhiteElo "2199"]
[BlackElo "2091"]
[PlyCount "114"]
[EventDate "2021.12.15"]
[EventType "swiss"]
[EventRounds "9"]
[EventCountry "BAN"]
[SourceTitle "CBM 206 Extra"]
[Source "ChessBase"]
[SourceDate "2022.03.31"]
[SourceVersion "1"]
[SourceVersionDate "2022.03.31"]
[SourceQuality "1"]

1. d4 Nf6 2. c4 e6 3. Nf3 d5 4. g3 Be7 5. Bg2 0-0 6. 0-0 a6 7. Nbd2 b6 8. cxd5 exd5 9. Ne5 Bb7 10. Qc2 c5 11. dxc5 Bxc5 12. Nd3 Nbd7 13. e3 Rc8 14. Qb1 Bc6 15. Nf3 Ne4 16. Nf4 Qe7 17. b3 Ndf6 18. Bb2 Bb5 19. Rc1 Rfd8 20. Nd4 Bd7 21. Nxd5 Nxd5 22. Qxe4 Nb4 23. a3 Qxe4 24. Bxe4 Re8 25. axb4 Bxd4 26. Rxc8 Bxc8 27. Bxd4 Rxe4 28. Rc1 Bd7 29. Rc7 Bb5 30. Bxb6 h5 31. Bd4 h4 32. f3 Re6 33. g4 Rc6 34. Rxc6 Bxc6 35. e4 h3 36. Kf2 Bb5 37. e5 Bc6 38. Bc5 Kh7 39. f4 Bd5 40. Be7 g6 41. Kg3 Bg2 42. Kh4 Kg7 43. Kg5 Be4 44. Bc5 Bf3 45. Be7 Bd5 46. Bd6 Be4 47. Kh4 Bg2 48. Bc5 Kg8 49. Kg5 Bf3 50. Bd4 Kf8 51. f5 gxf5 52. Kxf5 Bd5 53. Kf6 Bxb3 54. Bc5+ Kg8 55. g5 Bc4 56. g6 fxg6 57. Kxg6 Bb5 1/2-1/2